00701nam a22001937a 4500999001900000005001700019010001500036020002600051035001400077037001300091082001500104100001900119245006700138260005000205270006400255300002200319942002900341952013700370 c190191d19019120220720122053.0 aENG-133717 a9789383546138c500.00 aEN-117249 bDBAD/PUB a339.509541 aBaisoya, Nitin aEconomic Reform and Vision of North East India/cNitin Baisoya aGuwahatibMatri Publisher & Distributorc2015 aOpp. Brahmaputra Jute Mill A.K. Azad RoadbGuwahatie780001 a248p.:c22cm(hbk) 2ddccENh339.509541mBAI 001040708NFICaBNbBNd2022-07-20eDBAD/PUBg500.00l1o339.509541 BAIpEN-117249r2023-04-27 00:00:00s2023-04-26t1v500.00yEN